|
|
|
|
| LEADER |
00000nam a2200000 a 4500 |
| 001 |
vtls001346811 |
| 003 |
SK-MaSNL |
| 005 |
20260301220511.0 |
| 008 |
251124s1997 DE ae r y 0 ger |
| 020 |
|
|
|a 3409303766
|c [375,00]
|
| 020 |
|
|
|a 3409303871
|
| 035 |
|
|
|a SNK000300058
|
| 040 |
|
|
|a SNK
|b slo
|c SNK
|e AACR2
|
| 044 |
|
|
|a DE
|
| 080 |
|
|
|a 33(03)
|2 1981
|
| 080 |
|
|
|a 33=30
|2 1981
|
| 080 |
|
|
|a 03
|2 1981
|
| 245 |
1 |
|
|a Gabler Wirtschafts-Lexikon
|n Bd. 6, L-N
|c [Redaktion: Ute Arentzen, Ulrike Lörcher, Thorsten Hadeler]
|
| 250 |
|
|
|a 14., vollst. überarb. und erw. Aufl.
|
| 260 |
|
|
|a Wiesbaden
|b Gabler
|c c1997
|
| 300 |
|
|
|a S. 2363-2804
|c 19 cm
|
| 650 |
0 |
7 |
|a hospodárstvo
|x lexikóny nemecké
|2 SNK
|9 386170
|
| 650 |
0 |
7 |
|a lexikóny hospodárske nemecké
|2 SNK
|9 386171
|
| 919 |
|
|
|a 3-409-30376-6
|
| 919 |
|
|
|a 3-409-30387-1
|
| 999 |
|
|
|c 932016
|d 933946
|
| 952 |
|
|
|t P60, <04>, [BOOK], {604}
|a SNK
|b SNK
|y VYP
|7 0
|p 17A0165431
|o snkID 96393/6
|i snkV 1376/98
|0 0
|1 0
|4 0
|d 1998-10-29
|l 0
|r 2005-01-02 00:00:00
|w 2026-02-24
|